[Event "2. Bundesliga Ost 2013/2014"]
[Site "Wien"]
[Date "2013.10.06"]
[Round "2"]
[Board "2"]
[White "Pinter, Erik"]
[Black "Heiny, Johannes"]
[Result "0-1"]
[WhiteElo "2358"]
[BlackElo "2297"]
[PlyCount "92"]
[EventDate "2013.10.05"]
[EventType "team"]
[EventRounds "11"]
[EventCountry "AUT"]
[WhiteTeam "Blackburne Nickelsdorf"]
[BlackTeam "Purbach"]

1. e4 e6 2. d3 d5 3. Nd2 Nf6 4. g3 b6 5. Bg2 Bb7 6. Ngf3 dxe4 7. Ng5 Nbd7 8.
Ndxe4 Nxe4 9. Bxe4 Bxe4 10. dxe4 Be7 11. h4 Nc5 12. Be3 Qxd1+ 13. Rxd1 Bxg5 14.
hxg5 Nxe4 15. Rd4 f5 16. f3 Nd6 17. g6 h6 18. Bf4 O-O-O 19. Rh2 Rhe8 20. Be5
Re7 21. c4 Nb7 22. g4 Rxd4 23. Bxd4 Na5 24. g5 hxg5 25. Bf6 gxf6 26. Rh7 Kd7
27. g7 Rxg7 28. Rxg7+ Kd6 29. c5+ bxc5 30. Rf7 Nc4 31. Rxf6 Nxb2 32. Kd2 Nc4+
33. Ke2 Ne5 34. Rf8 c4 35. Ra8 Nc6 36. Rg8 Ke5 37. Rxg5 Kf4 38. Rg7 Nd4+ 39.
Kf2 c6 40. Rxa7 Nxf3 41. Ra3 Ne5 42. Rc3 Ke4 43. a4 Kd4 44. Ra3 c3 45. Ke2 c2
46. Ra1 Kc3 0-1

[Event "2. Bundesliga Ost 2013/2014"]
[Site "Wien"]
[Date "2013.10.06"]
[Round "2"]
[Board "3"]
[White "Wolfram, Bernd"]
[Black "Vlcek, Stanislav"]
[Result "0-1"]
[WhiteElo "2259"]
[BlackElo "2309"]
[PlyCount "98"]
[EventDate "2013.10.05"]
[EventType "team"]
[EventRounds "11"]
[EventCountry "AUT"]
[WhiteTeam "Purbach"]
[BlackTeam "Blackburne Nickelsdorf"]

1. c4 g6 2. g3 Bg7 3. Bg2 Nf6 4. Nc3 O-O 5. e4 d6 6. Nge2 c5 7. d3 Nc6 8. O-O
Bd7 9. h3 Ne8 10. Be3 Nd4 11. Qc1 Nc7 12. Bh6 b5 13. Nxd4 cxd4 14. Ne2 e5 15.
Bd2 Ne6 16. f4 Nc5 17. Qb1 a5 18. b3 Qb6 19. Kh2 bxc4 20. bxc4 Qxb1 21. Raxb1
Nxd3 22. Rb6 Rfc8 23. Rf3 Nc5 24. Rxd6 Be6 25. fxe5 Bxe5 26. Rd5 Bxd5 27. cxd5
Nxe4 28. Bf4 f6 29. Rd3 Nc5 30. Rd2 d3 31. Nc1 Bxf4 32. gxf4 Ra6 33. Nxd3 Nxd3
34. Rxd3 Rd6 35. Kg3 Rc4 36. h4 Kf8 37. f5 gxf5 38. Bh3 f4+ 39. Kf3 Ke7 40. Bf5
h6 41. Be4 Rb6 42. Kxf4 Rbb4 43. Re3 Rd4 44. Kf5 Kf7 45. h5 a4 46. Re2 a3 47.
Re3 Ra4 48. Re2 Rac4 49. Re3 Rb4 0-1

[Event "2. Bundesliga Ost 2013/2014"]
[Site "Wien"]
[Date "2013.10.06"]
[Round "2"]
[Board "5"]
[White "Heiny, Michael"]
[Black "Steinert, Martin"]
[Result "1/2-1/2"]
[WhiteElo "2084"]
[BlackElo "2095"]
[PlyCount "103"]
[EventDate "2013.10.05"]
[EventType "team"]
[EventRounds "11"]
[EventCountry "AUT"]
[WhiteTeam "Purbach"]
[BlackTeam "Blackburne Nickelsdorf"]

1. d4 Nf6 2. c4 g6 3. Nc3 Bg7 4. e4 d6 5. Nf3 O-O 6. Be2 e5 7. O-O Nc6 8. d5
Ne7 9. Ne1 Kh8 10. Nd3 Nd7 11. b4 f5 12. f3 a5 13. bxa5 Rxa5 14. a4 Ng8 15. Bd2
Ngf6 16. Nf2 Nc5 17. Qc2 f4 18. Nb5 Ra8 19. a5 g5 20. Bb4 h5 21. Nd3 Nxd3 22.
Qxd3 g4 23. c5 Ne8 24. cxd6 cxd6 25. Rfc1 Rf7 26. Qd1 g3 27. h3 Bf8 28. Bf1 Rg7
29. Rc2 Bd7 30. Kh1 Qh4 31. Rac1 Nf6 32. Bxd6 Bxb5 33. Bxf8 Rxf8 34. Bxb5 Ng4
35. fxg4 hxg4 36. Bd7 gxh3 37. Bxh3 f3 38. Qf1 Qxe4 39. Rc8 Rgf7 40. Rxf8+ Rxf8
41. gxf3 Rxf3 42. Qg2 Qf4 43. Rf1 Rf2 44. Rxf2 gxf2 45. d6 Qc1+ 46. Kh2 Qd2 47.
d7 e4 48. Be6 Qd6+ 49. Kh1 Qd1+ 50. Kh2 Qd6+ 51. Kh1 Qd1+ 52. Kh2 1/2-1/2

[Event "2. Bundesliga Ost 2013/2014"]
[Site "Wien"]
[Date "2013.10.06"]
[Round "2"]
[Board "6"]
[White "Batyte, Daiva"]
[Black "Rainprecht, Bernhard"]
[Result "1/2-1/2"]
[WhiteElo "2135"]
[BlackElo "2115"]
[PlyCount "25"]
[EventDate "2013.10.05"]
[EventType "team"]
[EventRounds "11"]
[EventCountry "AUT"]
[WhiteTeam "Blackburne Nickelsdorf"]
[BlackTeam "Purbach"]

1. c4 c5 2. Nc3 Nc6 3. g3 g6 4. Bg2 Bg7 5. Nf3 e5 6. d3 Nge7 7. O-O O-O 8. e3
a6 9. Nd5 d6 10. Nxe7+ Qxe7 11. Bd2 Be6 12. Bc3 Rfd8 13. e4 1/2-1/2

[Event "2. Bundesliga Ost 2013/2014"]
[Site "Wien"]
[Date "2013.10.06"]
[Round "2"]
[Board "1"]
[White "Szabo, Krisztian"]
[Black "Csonka, Attila"]
[Result "1-0"]
[WhiteElo "2558"]
[BlackElo "2387"]
[PlyCount "64"]
[EventDate "2013.10.05"]
[EventType "team"]
[EventRounds "11"]
[EventCountry "AUT"]
[WhiteTeam "ASVOE Mattersburg"]
[BlackTeam "SGM Sparkasse Ternitz"]

1. e4 c6 2. d4 d5 3. Nc3 dxe4 4. Nxe4 Nf6 5. Nxf6+ gxf6 6. c3 Bf5 7. Nf3 e6 8.
g3 Be4 9. Bg2 Bd6 10. O-O Nd7 11. Re1 f5 12. Ng5 Nf6 13. Bxe4 fxe4 14. Nxe4
Nxe4 15. Rxe4 Qf6 16. Bf4 O-O-O 17. Be5 Bxe5 18. Rxe5 Rhg8 19. Qe2 Rg5 20. Re1
Rd5 21. Rxg5 Rxg5 22. b4 Rf5 23. Kg2 Qd8 24. Qe4 Qd5 25. Qxd5 cxd5 26. h4 Rf6
27. h5 Rf5 28. Re5 Rxe5 29. dxe5 Kd7 30. Kf3 Kc6 31. Ke3 Kb5 32. Kd3 b6 1-0

[Event "2. Bundesliga Ost 2013/2014"]
[Site "Wien"]
[Date "2013.10.06"]
[Round "2"]
[Board "2"]
[White "Schwarhofer, Christopher"]
[Black "Papp, Gabor"]
[Result "0-1"]
[WhiteElo "2310"]
[BlackElo "2583"]
[PlyCount "76"]
[EventDate "2013.10.05"]
[EventType "team"]
[EventRounds "11"]
[EventCountry "AUT"]
[WhiteTeam "SGM Sparkasse Ternitz"]
[BlackTeam "ASVOE Mattersburg"]

1. e4 c5 2. Nf3 d6 3. d4 cxd4 4. Nxd4 Nf6 5. Nc3 a6 6. f4 e5 7. Nf3 Qc7 8. a4
Be7 9. Bd3 O-O 10. O-O Nbd7 11. Qe2 b6 12. h3 Bb7 13. g4 d5 14. exd5 Bc5+ 15.
Kh1 exf4 16. Ng5 Bd6 17. Qf2 h6 18. Nge4 Nxd5 19. Nxd5 Bxd5 20. Bxf4 Rae8 21.
Rae1 Nc5 22. Qd4 Bxe4+ 23. Rxe4 Nxe4 24. Bxe4 Bxf4 25. Rxf4 Rd8 26. Qf2 Qe5 27.
Bd3 Qxb2 28. Kg2 b5 29. axb5 axb5 30. g5 hxg5 31. Rf5 b4 32. Rxg5 Rxd3 33. cxd3
Qxf2+ 34. Kxf2 Rb8 35. Ke3 b3 36. Rg1 b2 37. Rb1 g5 38. Kd2 f5 0-1

[Event "2. Bundesliga Ost 2013/2014"]
[Site "Wien"]
[Date "2013.10.06"]
[Round "2"]
[Board "3"]
[White "Fodor, Tamas"]
[Black "Danner, Georg"]
[Result "1-0"]
[WhiteElo "2458"]
[BlackElo "2316"]
[PlyCount "55"]
[EventDate "2013.10.05"]
[EventType "team"]
[EventRounds "11"]
[EventCountry "AUT"]
[WhiteTeam "ASVOE Mattersburg"]
[BlackTeam "SGM Sparkasse Ternitz"]

1. d4 g6 2. c4 f5 3. Nc3 Bg7 4. h4 Nh6 5. h5 Nf7 6. Nf3 e5 7. dxe5 Nxe5 8. Nd5
Nxf3+ 9. gxf3 c6 10. Nf4 Qf6 11. Nd3 d6 12. Bd2 Nd7 13. h6 Bf8 14. Bc3 Ne5 15.
f4 Nf3+ 16. exf3 Qe6+ 17. Qe2 Rg8 18. O-O-O Qxe2 19. Bxe2 Be6 20. b3 a5 21. Nb2
Kf7 22. Na4 Be7 23. Kb1 Rgd8 24. Rd2 Bf6 25. Bxf6 Kxf6 26. Nb6 Rab8 27. Rhd1
Ke7 28. Kb2 1-0

[Event "2. Bundesliga Ost 2013/2014"]
[Site "Wien"]
[Date "2013.10.06"]
[Round "2"]
[Board "4"]
[White "Nemeth, Denes"]
[Black "Brod, Manfred"]
[Result "0-1"]
[WhiteElo "2275"]
[BlackElo "2237"]
[PlyCount "132"]
[EventDate "2013.10.05"]
[EventType "team"]
[EventRounds "11"]
[EventCountry "AUT"]
[WhiteTeam "SGM Sparkasse Ternitz"]
[BlackTeam "ASVOE Mattersburg"]

1. d4 Nf6 2. c4 g6 3. Nf3 Bg7 4. g3 d5 5. cxd5 Nxd5 6. Bg2 Nb6 7. O-O Nc6 8.
Nc3 Nxd4 9. Nxd4 Qxd4 10. Nb5 Qc5 11. a4 Nxa4 12. Qxa4 Bd7 13. Bxb7 Bxb5 14.
Qa5 Rb8 15. Be3 Qf5 16. Bf3 a6 17. Qxc7 Rc8 18. Qb7 O-O 19. Qxe7 Bxb2 20. Rab1
Rfe8 21. Qb7 Rc2 22. Rfd1 Bf6 23. Rd5 Qe6 24. Rc5 Rxc5 25. Bxc5 Qf5 26. Rc1 Bb2
27. g4 Qg5 28. Rc2 Be5 29. Be3 Qh4 30. Rc8 Kg7 31. Rxe8 Bxe8 32. Qxa6 Qh3 33.
Bg2 Bxh2+ 34. Kf1 Qxg4 35. Qa1+ f6 36. Qa7+ Qd7 37. Qa1 Be5 38. Qc1 h5 39. f4
Bd4 40. Bd2 Qa7 41. e3 Ba1 42. Bd5 Bf7 43. Bxf7 Kxf7 44. Qc8 f5 45. Bb4 Kg7 46.
Qf8+ Kh7 47. Bc5 Bg7 48. Qe7 Qxe7 49. Bxe7 Kg8 50. Kg2 Kf7 51. Bc5 Ke6 52. Kf3
Kd5 53. Be7 Bc3 54. Bh4 Bb4 55. Bf2 Be7 56. Be1 h4 57. Bc3 Kc4 58. Bd4 Kd3 59.
Kg2 Bb4 60. Kh3 Be1 61. Bc5 Bf2 62. Bd4 Ke2 63. Bc5 Kf3 64. Be7 Kxe3 65. Bg5
Kf3 66. Bh6 Bg3 0-1

[Event "2. Bundesliga Ost 2013/2014"]
[Site "Wien"]
[Date "2013.10.06"]
[Round "2"]
[Board "5"]
[White "Wiedner, Robert"]
[Black "Matevosyan, Andy"]
[Result "1-0"]
[WhiteElo "2140"]
[BlackElo "2166"]
[PlyCount "49"]
[EventDate "2013.10.05"]
[EventType "team"]
[EventRounds "11"]
[EventCountry "AUT"]
[WhiteTeam "ASVOE Mattersburg"]
[BlackTeam "SGM Sparkasse Ternitz"]

1. Nf3 d6 2. d4 Nf6 3. Nc3 g6 4. e4 Bg7 5. Be2 O-O 6. Bg5 Nbd7 7. Qd2 Re8 8. h3
a6 9. e5 Nh5 10. g4 dxe5 11. dxe5 Nxe5 12. gxh5 Bf5 13. O-O-O Qc8 14. hxg6 hxg6
15. Nxe5 Bxe5 16. h4 b5 17. h5 c6 18. hxg6 Bxg6 19. Qe3 f6 20. Bd3 Bxd3 21.
Qxd3 fxg5 22. Rdg1 Bf4+ 23. Kb1 e6 24. Qg6+ Kf8 25. Qf6+ 1-0

[Event "2. Bundesliga Ost 2013/2014"]
[Site "Wien"]
[Date "2013.10.06"]
[Round "2"]
[Board "6"]
[White "Braun, Karl-Heinz"]
[Black "Salamon, Werner"]
[Result "1/2-1/2"]
[WhiteElo "2050"]
[BlackElo "2122"]
[PlyCount "59"]
[EventDate "2013.10.05"]
[EventType "team"]
[EventRounds "11"]
[EventCountry "AUT"]
[WhiteTeam "SGM Sparkasse Ternitz"]
[BlackTeam "ASVOE Mattersburg"]

1. Nf3 d5 2. c3 Nf6 3. d4 c6 4. Qc2 Bg4 5. Ne5 Bh5 6. Nd2 Nbd7 7. Ndf3 Nxe5 8.
Nxe5 e6 9. h3 Nd7 10. g4 Bg6 11. Nxg6 hxg6 12. e4 dxe4 13. Qxe4 Nf6 14. Qe2 Bd6
15. Bg2 Nd5 16. Qf3 Qf6 17. Qxf6 gxf6 18. Bd2 Bf4 19. h4 Bxd2+ 20. Kxd2 O-O-O
21. Kc2 f5 22. Bf3 fxg4 23. Bxg4 Nf6 24. Bf3 Rh6 25. Rh2 g5 26. Rah1 Rdh8 27.
h5 g4 28. Be2 Rg8 29. Rh4 Rg5 30. R1h2 1/2-1/2

[Event "2. Bundesliga Ost 2013/2014"]
[Site "Wien"]
[Date "2013.10.06"]
[Round "2"]
[Board "1"]
[White "Markos, Jan"]
[Black "Kirschner, Alexander"]
[Result "1-0"]
[WhiteElo "2584"]
[BlackElo "2286"]
[PlyCount "69"]
[EventDate "2013.10.05"]
[EventType "team"]
[EventRounds "11"]
[EventCountry "AUT"]
[WhiteTeam "ASVOE Pamhagen"]
[BlackTeam "Raiffeisen Waehring"]

1. d4 e6 2. c4 Nf6 3. Nc3 Bb4 4. Qc2 O-O 5. e4 d5 6. e5 Ne4 7. a3 Bxc3+ 8. bxc3
c5 9. Bb2 cxd4 10. cxd4 Bd7 11. Ne2 Qa5+ 12. Nc3 Nc6 13. Rd1 f6 14. f3 Nxc3 15.
Qxc3 Rac8 16. exf6 Rxf6 17. c5 Be8 18. Be2 Bg6 19. Rc1 Qxc3+ 20. Bxc3 Rf4 21.
g3 Rff8 22. h4 h5 23. Kf2 Rb8 24. Rhe1 b5 25. cxb6 Rxb6 26. Ba1 Na5 27. Rc7 Nb3
28. Bc3 a5 29. a4 Be8 30. f4 g6 31. Bd3 Bxa4 32. Bxg6 Be8 33. Bc2 a4 34. Re5
Rf7 35. Rc8 1-0

[Event "2. Bundesliga Ost 2013/2014"]
[Site "Wien"]
[Date "2013.10.06"]
[Round "2"]
[Board "2"]
[White "Brustkern, Juergen"]
[Black "Lipka, Juraj"]
[Result "1-0"]
[WhiteElo "2241"]
[BlackElo "2419"]
[PlyCount "53"]
[EventDate "2013.10.05"]
[EventType "team"]
[EventRounds "11"]
[EventCountry "AUT"]
[WhiteTeam "Raiffeisen Waehring"]
[BlackTeam "ASVOE Pamhagen"]

1. e4 e6 2. d3 d5 3. Qe2 Nf6 4. Nf3 Be7 5. g3 b6 6. Bg2 dxe4 7. dxe4 Ba6 8. c4
Bb4+ 9. Nbd2 Nfd7 10. O-O e5 11. a3 Bd6 12. b4 Bb7 13. Bb2 a5 14. b5 O-O 15. a4
Re8 16. Nb3 Nf8 17. Rfd1 Qe7 18. c5 bxc5 19. Bc3 Ne6 20. Nxe5 Nd4 21. Bxd4 cxd4
22. Nc4 Bb4 23. Nxd4 Bxe4 24. Re1 Bxe1 25. Rxe1 Qd8 26. Bxe4 Qxd4 27. Bxh7+ 1-0

[Event "2. Bundesliga Ost 2013/2014"]
[Site "Wien"]
[Date "2013.10.06"]
[Round "2"]
[Board "4"]
[White "Lovrinovic, Christian"]
[Black "Vitouch, Anatol"]
[Result "1/2-1/2"]
[WhiteElo "2140"]
[BlackElo "2270"]
[PlyCount "40"]
[EventDate "2013.10.05"]
[EventType "team"]
[EventRounds "11"]
[EventCountry "AUT"]
[WhiteTeam "Raiffeisen Waehring"]
[BlackTeam "ASVOE Pamhagen"]

1. d4 d6 2. Nf3 Bg4 3. Nbd2 Nf6 4. h3 Bh5 5. g4 Bg6 6. Nh4 Be4 7. Nxe4 Nxe4 8.
Bg2 d5 9. Nf3 e6 10. Nd2 Nxd2 11. Qxd2 Nd7 12. Qd3 c6 13. c3 Be7 14. Bf4 Bg5
15. Bh2 h5 16. f4 Bh4+ 17. Kd2 Qe7 18. Bf3 hxg4 19. hxg4 O-O-O 20. Kc2 g5
 1/2-1/2

[Event "2. Bundesliga Ost 2013/2014"]
[Site "Wien"]
[Date "2013.10.06"]
[Round "2"]
[Board "5"]
[White "Bezuch, Martin"]
[Black "Dragnev, Valentin"]
[Result "1-0"]
[WhiteElo "2295"]
[BlackElo "2037"]
[PlyCount "73"]
[EventDate "2013.10.05"]
[EventType "team"]
[EventRounds "11"]
[EventCountry "AUT"]
[WhiteTeam "ASVOE Pamhagen"]
[BlackTeam "Raiffeisen Waehring"]

1. Nf3 Nf6 2. g3 d5 3. Bg2 c6 4. h3 g6 5. O-O Bg7 6. d3 O-O 7. Nbd2 Nbd7 8. e4
e6 9. Re1 b6 10. e5 Ne8 11. Nf1 h6 12. h4 Kh8 13. N1h2 c5 14. Bf4 Kh7 15. Qd2
f5 16. exf6 Ndxf6 17. Be5 Nd6 18. a4 Nf7 19. a5 Bd7 20. b4 Rc8 21. axb6 axb6
22. bxc5 bxc5 23. Ra7 Nxe5 24. Nxe5 Rc7 25. Qa5 Rxa7 26. Qxa7 Bc8 27. Qxc5 Nd7
28. Nxd7 Qxd7 29. Ng4 Qf7 30. Ne5 Qf5 31. c4 Rd8 32. cxd5 exd5 33. Bxd5 Re8 34.
d4 Rf8 35. Bf7 Bxe5 36. Qxf8 Bxd4 37. Qg8# 1-0

[Event "2. Bundesliga Ost 2013/2014"]
[Site "Wien"]
[Date "2013.10.06"]
[Round "2"]
[Board "6"]
[White "Iro, Christian"]
[Black "Kuthan, Andreas"]
[Result "1/2-1/2"]
[WhiteElo "1902"]
[BlackElo "2221"]
[PlyCount "89"]
[EventDate "2013.10.05"]
[EventType "team"]
[EventRounds "11"]
[EventCountry "AUT"]
[WhiteTeam "Raiffeisen Waehring"]
[BlackTeam "ASVOE Pamhagen"]

1. e4 e6 2. d4 d5 3. exd5 exd5 4. Bd3 Nc6 5. c3 Bd6 6. Nf3 Bg4 7. Be3 Nge7 8.
h3 Bh5 9. Nbd2 Qd7 10. Qc2 O-O-O 11. O-O-O Rde8 12. Rde1 Bg6 13. Nb3 Bxd3 14.
Qxd3 Qf5 15. Qxf5+ Nxf5 16. Bd2 Nd8 17. Kc2 f6 18. g3 Ne6 19. Rhg1 Kd7 20. Re2
h5 21. Rge1 g5 22. Nc1 g4 23. Ng1 Re7 24. a4 Rhe8 25. b4 a6 26. Kb2 Rg8 27. Nd3
h4 28. hxg4 Rxg4 29. gxh4 Nxh4 30. f3 Rgg7 31. Nc5+ Nxc5 32. Rxe7+ Bxe7 33.
dxc5 Rg2 34. Kc1 f5 35. Kd1 Bf6 36. f4 Bg7 37. a5 Bf6 38. Kc1 Bg7 39. Kd1 Bh6
40. Ne2 Nf3 41. Rf1 Nh2 42. Rg1 Rxg1+ 43. Nxg1 Nf1 44. Ne2 Bg7 45. Ke1 1/2-1/2

[Event "2. Bundesliga Ost 2013/2014"]
[Site "Zwettl"]
[Date "2013.11.23"]
[Round "3"]
[Board "4"]
[White "Neumeier, Klaus"]
[Black "Todor, Razvan"]
[Result "1-0"]
[WhiteElo "2296"]
[BlackElo "2161"]
[PlyCount "91"]
[EventDate "2013.10.05"]
[EventType "team"]
[EventRounds "11"]
[EventCountry "AUT"]
[WhiteTeam "Spg Data Technology Eichgraben/P."]
[BlackTeam "Raiffeisen Waehring"]

1. d4 d5 2. c4 c6 3. Nf3 Nf6 4. e3 a6 5. Bd3 Bg4 6. Nbd2 e6 7. O-O dxc4 8. Bxc4
c5 9. dxc5 Bxc5 10. Qc2 Nbd7 11. Rd1 Rc8 12. Qb3 Qc7 13. Be2 O-O 14. Nf1 Qb6
15. Qxb6 Nxb6 16. Ng3 Rfd8 17. Bd2 Nbd5 18. h3 Bxf3 19. Bxf3 b6 20. a3 a5 21.
Ne2 Kf8 22. Kf1 Ke8 23. Nc3 Nxc3 24. Bxc3 Ke7 25. Bb7 Rb8 26. Bc6 Rbc8 27. Bf3
Ne8 28. Bb7 Rb8 29. Bc6 f6 30. b4 Rxd1+ 31. Rxd1 axb4 32. Rd7+ Kf8 33. axb4 Be7
34. b5 Nd6 35. g4 Rd8 36. Rc7 Nc8 37. Ke2 h6 38. Bd7 Nd6 39. Bb4 e5 40. Be6 Ke8
41. Bd5 Nc8 42. Bc6+ Kf8 43. Bxe7+ Nxe7 44. Rb7 Nc8 45. e4 Kg8 46. Rb8 1-0

[Event "2. Bundesliga Ost 2013/2014"]
[Site "Zwettl"]
[Date "2013.11.23"]
[Round "3"]
[Board "5"]
[White "Prinzjakowitsch, Bernhard"]
[Black "Weissenbeck, Manuel"]
[Result "1/2-1/2"]
[WhiteElo "2126"]
[BlackElo "2249"]
[PlyCount "169"]
[EventDate "2013.10.05"]
[EventType "team"]
[EventRounds "11"]
[EventCountry "AUT"]
[WhiteTeam "Raiffeisen Waehring"]
[BlackTeam "Spg Data Technology Eichgraben/P."]

1. e4 c5 2. Nf3 d6 3. d4 cxd4 4. Nxd4 Nf6 5. Nc3 a6 6. Bc4 e6 7. Bb3 Be7 8. f4
Nc6 9. Nxc6 bxc6 10. Qf3 d5 11. Ba4 Bd7 12. e5 Ng8 13. Be3 Nh6 14. O-O O-O 15.
g4 f6 16. exf6 Bxf6 17. Bc5 Rf7 18. h3 e5 19. fxe5 Bxe5 20. Qe3 Bf6 21. Qg3 Bh4
22. Qg2 Qc7 23. Rxf7 Nxf7 24. Rf1 Re8 25. Bd4 h6 26. Bb3 Qa5 27. Na4 Re1 28. c3
Qc7 29. Rxe1 Bxe1 30. Nc5 Bh4 31. Nxd7 Qxd7 32. Qe2 Ng5 33. Kg2 Qd6 34. Qe8+
Qf8 35. Qxf8+ Kxf8 36. Ba4 Ne6 37. Be5 c5 38. Bb3 c4 39. Ba4 Ke7 40. Kf3 Bf6
41. Bxf6+ Kxf6 42. Bc6 Ke5 43. Bb7 a5 44. h4 Nc5 45. Bc6 d4 46. Bb5 Kd5 47. Be8
Nd3 48. Bf7+ Kc5 49. Ke4 Nf2+ 50. Kf3 dxc3 51. bxc3 Nd1 52. Bg6 Nxc3 53. a3 Kd4
54. g5 hxg5 55. hxg5 Nb5 56. a4 Na3 57. Ke2 Kc3 58. Ke3 Kb3 59. Kd4 c3 60. Bf7+
Kb4 61. Kd3 c2 62. Kd2 Kxa4 63. Kc1 Kb4 64. Bg6 Kc3 65. Bf5 Kd4 66. g6 Ke3 67.
Bd7 Kf4 68. Bc6 Kf5 69. Be8 Kf6 70. Kb2 Nc4+ 71. Kxc2 Nd6 72. Bc6 Kxg6 73. Kb3
Kf5 74. Ka4 Nc4 75. Bb5 Nd6 76. Bd7+ Kf4 77. Kxa5 Nf5 78. Kb4 g5 79. Kc3 g4 80.
Kd2 g3 81. Ke1 Nd4 82. Kf1 Kf3 83. Bh3 Ne2 84. Bg2+ Ke3 85. Bb7 1/2-1/2

[Event "2. Bundesliga Ost 2013/2014"]
[Site "Zwettl"]
[Date "2013.11.23"]
[Round "3"]
[Board "2"]
[White "Lipka, Juraj"]
[Black "Schwarhofer, Christopher"]
[Result "1-0"]
[WhiteElo "2419"]
[BlackElo "2310"]
[PlyCount "79"]
[EventDate "2013.10.05"]
[EventType "team"]
[EventRounds "11"]
[EventCountry "AUT"]
[WhiteTeam "ASVOE Pamhagen"]
[BlackTeam "SGM Sparkasse Ternitz"]

1. Nf3 d6 2. d4 Nf6 3. c4 g6 4. g3 Bg7 5. Bg2 O-O 6. O-O c6 7. Nc3 Nbd7 8. e4
e5 9. b3 Qa5 10. Bd2 Qc7 11. Rc1 exd4 12. Nxd4 Re8 13. Bf4 Ne5 14. h3 Nfd7 15.
Rc2 a5 16. Be3 Nc5 17. Rd2 f6 18. Qc2 Bd7 19. Rfd1 Rad8 20. a3 Kh8 21. f4 Nf7
22. Bf2 Ra8 23. b4 axb4 24. axb4 Ne6 25. Nde2 Nf8 26. Na4 f5 27. Nb6 Ra3 28.
Nxd7 Qxd7 29. e5 Qe7 30. exd6 Nxd6 31. Bc5 Rd8 32. Rxd6 Rxd6 33. Bxd6 Qe3+ 34.
Kh2 Ne6 35. b5 c5 36. Qd2 Qf2 37. Rf1 Qe3 38. Qxe3 Rxe3 39. Ng1 Rd3 40. Bd5 1-0

[Event "2. Bundesliga Ost 2013/2014"]
[Site "Zwettl"]
[Date "2013.11.23"]
[Round "3"]
[Board "3"]
[White "Danner, Georg"]
[Black "Kochetkova, Julia"]
[Result "1/2-1/2"]
[WhiteElo "2316"]
[BlackElo "2354"]
[PlyCount "79"]
[EventDate "2013.10.05"]
[EventType "team"]
[EventRounds "11"]
[EventCountry "AUT"]
[WhiteTeam "SGM Sparkasse Ternitz"]
[BlackTeam "ASVOE Pamhagen"]

1. d4 d5 2. Nf3 Nf6 3. c4 e6 4. Bg5 h6 5. Bh4 Be7 6. e3 Ne4 7. Bxe7 Qxe7 8. Nc3
Nxc3 9. bxc3 dxc4 10. Bxc4 O-O 11. O-O b6 12. Qe2 Bb7 13. Rfd1 c5 14. e4 Nd7
15. a4 Rfc8 16. Bd3 cxd4 17. cxd4 Rc3 18. a5 Rac8 19. axb6 axb6 20. Qe1 Qd6 21.
Rac1 Qa3 22. Rxc3 Qxc3 23. Qxc3 Rxc3 24. Ne1 g6 25. f3 f5 26. d5 exd5 27. exf5
g5 28. Rb1 Kg7 29. Kf2 Bc8 30. Ke2 Ra3 31. Rb2 Nc5 32. Bc2 b5 33. Nd3 Na4 34.
Bxa4 bxa4 35. Nc5 Bxf5 36. g4 Bg6 37. Rb7+ Kg8 38. Rb8+ Kg7 39. Rb7+ Kg8 40.
Rb8+ 1/2-1/2

[Event "2. Bundesliga Ost 2013/2014"]
[Site "Zwettl"]
[Date "2013.11.23"]
[Round "3"]
[Board "4"]
[White "Vitouch, Anatol"]
[Black "Nemeth, Denes"]
[Result "1/2-1/2"]
[WhiteElo "2270"]
[BlackElo "2275"]
[PlyCount "89"]
[EventDate "2013.10.05"]
[EventType "team"]
[EventRounds "11"]
[EventCountry "AUT"]
[WhiteTeam "ASVOE Pamhagen"]
[BlackTeam "SGM Sparkasse Ternitz"]

1. g3 Nf6 2. Bg2 d5 3. Nf3 Bg4 4. c4 c6 5. Ne5 dxc4 6. Na3 Nbd7 7. Nxg4 Nxg4 8.
Nxc4 Nb6 9. Na5 Qc7 10. d3 e6 11. h3 Nd5 12. Nc4 Bb4+ 13. Bd2 Bxd2+ 14. Qxd2
Ne5 15. Rc1 O-O 16. O-O Rfd8 17. b4 Nxc4 18. Rxc4 Qb6 19. Rb1 a5 20. a3 axb4
21. axb4 Ra3 22. Qb2 Rda8 23. Rg4 g6 24. Bf3 R8a4 25. b5 Ra2 26. Qe5 Rxg4 27.
hxg4 cxb5 28. Bxd5 exd5 29. Qe8+ Kg7 30. Rxb5 Rxe2 31. Qxf7+ Kxf7 32. Rxb6 Rd2
33. Rxb7+ Kf6 34. Rxh7 Rxd3 35. Kf1 Kg5 36. Ke2 Ra3 37. Rd7 Kxg4 38. Rxd5 Ra2+
39. Rd2 Ra3 40. Rd4+ Kf5 41. Rd3 Ra5 42. Kf3 g5 43. g4+ Ke5 44. Re3+ Kf6 45.
Kg3 1/2-1/2

[Event "2. Bundesliga Ost 2013/2014"]
[Site "Zwettl"]
[Date "2013.11.23"]
[Round "3"]
[Board "5"]
[White "Matevosyan, Andy"]
[Black "Jacko, Vladimir"]
[Result "0-1"]
[WhiteElo "2166"]
[BlackElo "2281"]
[PlyCount "88"]
[EventDate "2013.10.05"]
[EventType "team"]
[EventRounds "11"]
[EventCountry "AUT"]
[WhiteTeam "SGM Sparkasse Ternitz"]
[BlackTeam "ASVOE Pamhagen"]

1. e4 c5 2. Nf3 Nc6 3. d3 g6 4. g3 Bg7 5. Bg2 e5 6. O-O Nge7 7. Be3 b6 8. Nbd2
d5 9. exd5 Nxd5 10. Ng5 O-O 11. Qf3 Nxe3 12. Qxe3 Bb7 13. Nc4 Qd7 14. Nf3 Rfe8
15. c3 Rad8 16. Rfd1 Qc7 17. a4 Ba6 18. Nfd2 h6 19. h4 f5 20. h5 g5 21. Qf3 Ne7
22. b4 g4 23. Qe2 Nd5 24. Bxd5+ Rxd5 25. Ne3 Rdd8 26. Nxf5 Bxd3 27. Qxg4 e4 28.
Nxh6+ Kh8 29. Nf5 Bxc3 30. Rac1 cxb4 31. Nf1 Rg8 32. Qh4 Rd7 33. N1e3 Qe5 34.
Kh2 Rf7 35. Qf4 Qxf4 36. gxf4 Rgf8 37. Kg3 Rxf5 38. Nxf5 Rxf5 39. f3 Rf7 40.
fxe4 Bxe4 41. Rd6 Rc7 42. Rcd1 b3 43. Re6 Bf5 44. Re8+ Kh7 0-1

[Event "2. Bundesliga Ost 2013/2014"]
[Site "Zwettl"]
[Date "2013.11.23"]
[Round "3"]
[Board "6"]
[White "Horvath, Maria"]
[Black "Braun, Karl-Heinz"]
[Result "1-0"]
[WhiteElo "2036"]
[BlackElo "2050"]
[PlyCount "95"]
[EventDate "2013.10.05"]
[EventType "team"]
[EventRounds "11"]
[EventCountry "AUT"]
[WhiteTeam "ASVOE Pamhagen"]
[BlackTeam "SGM Sparkasse Ternitz"]

1. d4 d5 2. c4 Nf6 3. Nc3 g6 4. cxd5 Nxd5 5. Bd2 Bg7 6. e4 Nxc3 7. Bxc3 O-O 8.
h3 c5 9. d5 Nd7 10. Nf3 Nf6 11. Qc2 b6 12. Rd1 Bb7 13. Bc4 Qd7 14. Ne5 Qc8 15.
O-O Ne8 16. Ng4 h5 17. Bxg7 Kxg7 18. Qc3+ Kh7 19. Ne3 Nd6 20. Bd3 Ba6 21. e5
Nb5 22. Bxb5 Bxb5 23. Rfe1 Bd7 24. d6 Be6 25. f4 exd6 26. Rxd6 c4 27. Kh2 Qc5
28. Red1 Rac8 29. R1d4 b5 30. a3 Ra8 31. b4 Qc8 32. f5 Bxf5 33. Nd5 Be6 34.
Nf6+ Kg7 35. Qg3 Rh8 36. Ne4 a5 37. Qg5 axb4 38. axb4 c3 39. Qf6+ Kg8 40. Qg5
Kh7 41. Nc5 Bxh3 42. Rf6 Rf8 43. e6 Bg4 44. exf7 Bf5 45. Rdd6 Qc7 46. Rxg6
Qxd6+ 47. Rxd6 Rxf7 48. Rh6# 1-0

[Event "2. Bundesliga Ost 2013/2014"]
[Site "Zwettl"]
[Date "2013.11.23"]
[Round "3"]
[Board "1"]
[White "Zilka, Stepan"]
[Black "Fodor, Tamas"]
[Result "1-0"]
[WhiteElo "2525"]
[BlackElo "2458"]
[PlyCount "51"]
[EventDate "2013.10.05"]
[EventType "team"]
[EventRounds "11"]
[EventCountry "AUT"]
[WhiteTeam "Blackburne Nickelsdorf"]
[BlackTeam "ASVOE Mattersburg"]

1. d4 d5 2. c4 dxc4 3. Nf3 a6 4. e4 b5 5. a4 Bb7 6. axb5 axb5 7. Rxa8 Bxa8 8.
Nc3 e6 9. Nxb5 Bxe4 10. Bxc4 Bb4+ 11. Nc3 Ne7 12. Qa4+ Nbc6 13. Nd2 Qxd4 14.
O-O Bxg2 15. Kxg2 O-O 16. Ne2 Qh4 17. f4 Bxd2 18. Bxd2 Rd8 19. Bc1 h5 20. Ng3
Nd4 21. Qd1 g6 22. Qe1 Nd5 23. f5 Nc2 24. Qe5 gxf5 25. Nxf5 exf5 26. Bxd5 1-0